000 00962nam a2200337 a 4500
003 AR-BaBNM
005 20251128210119.0
008 082120s2002 ||||||||||||||000 | spa||
020 _a84-85290-29-1
040 _cAR-BaBNM
245 0 0 _aDiccionario de autores iberoamericanos
260 _aMadrid
_bInstituto de Cooperación Iberoamericana
_c1982
300 _a459 p.
500 _aCarece de las páginas 302 a la 319
650 4 _aDICCIONARIOS
650 4 _aBIOGRAFIAS
650 4 _aAUTORES
650 4 _aESCRITORES
650 4 _aLITERATURA
651 4 _aAmérica Latina
655 _aREFERENCIA
700 1 _aShimose, Pedro
_edirector
700 1 _aCampanella, Hortensia
_ecolaborador
700 1 _aFerrer, Luis
_ecolaborador
700 1 _aLopes Moura, Mirian
_ecolaborador
700 1 _aPeñate, Juan
_ecolaborador
700 1 _aSalas, Horacio
_ecolaborador
700 1 _aVentura, Mario
_ecolaborador
942 _cBK
998 _claura
999 _c14098
_d14098